000
00310nam a2200121 a 4500
005
20140414131902.0
008
100920s19uu xx 00 eng d
050
_a
FIC
_b
F57 1967
100
_a
Fitzgerald, John
245
_a
The great brain.
260
_a
New York :
_b
Dell Publishing,
_c
1967.
999
_c
110690
_d
110690